<?xml version="1.0" encoding="UTF-8"?>
<record
    xmlns:xsi="http://www.w3.org/2001/XMLSchema-instance"
    xsi:schemaLocation="http://www.loc.gov/MARC21/slim http://www.loc.gov/standards/marcxml/schema/MARC21slim.xsd"
    xmlns="http://www.loc.gov/MARC21/slim">

  <leader>00475nam a2200157   4500</leader>
  <controlfield tag="001">46073</controlfield>
  <datafield tag="090" ind1=" " ind2=" ">
    <subfield code="a">46073</subfield>
  </datafield>
  <datafield tag="100" ind1=" " ind2=" ">
    <subfield code="a">20260430              pory50       </subfield>
  </datafield>
  <datafield tag="101" ind1=" " ind2=" ">
    <subfield code="a">por</subfield>
  </datafield>
  <datafield tag="102" ind1=" " ind2=" ">
    <subfield code="a">PT</subfield>
  </datafield>
  <datafield tag="200" ind1=" " ind2=" ">
    <subfield code="a">A Cer&#xE2;mica Cardial da Gruta do Escoural</subfield>
    <subfield code="d">In separata das Actas do II Congresso Nacional de Arqueologia</subfield>
    <subfield code="f">M. Farinha dos santos</subfield>
  </datafield>
  <datafield tag="210" ind1=" " ind2=" ">
    <subfield code="a">Coimbra</subfield>
    <subfield code="c">II Congresso Nacional de Arqueologia</subfield>
    <subfield code="d">1971</subfield>
  </datafield>
  <datafield tag="215" ind1=" " ind2=" ">
    <subfield code="a">p. 93-94, [1]</subfield>
    <subfield code="c">il.</subfield>
  </datafield>
  <datafield tag="675" ind1=" " ind2=" ">
    <subfield code="a">738(469)</subfield>
  </datafield>
  <datafield tag="801" ind1=" " ind2=" ">
    <subfield code="a">PT</subfield>
    <subfield code="g">RPC</subfield>
  </datafield>
  <datafield tag="990" ind1=" " ind2=" ">
    <subfield code="c">LIVROS</subfield>
  </datafield>
  <datafield tag="995" ind1=" " ind2=" ">
    <subfield code="1">0</subfield>
    <subfield code="9">78047</subfield>
    <subfield code="b">FLC</subfield>
    <subfield code="c">FLC</subfield>
    <subfield code="f">057211</subfield>
    <subfield code="k">738(469) SAN</subfield>
    <subfield code="o">-1</subfield>
    <subfield code="r">LIVROS</subfield>
    <subfield code="u">fotoc&#xF3;pia do original</subfield>
  </datafield>
</record>
